On This Day: July 19th II Quiz Stats

 Plays Quiz Updated Jul 19, 2018

Score 0/7 Timer 03:00
0 Plays Today
Question Answer Wrong Answers
The 15th Summer Olympics open in this Finnish capital.
1952
Helsinki
89.2%
Oslo
6.3%
Stockholm
3.1%
Espoo
0.6%
Francois Mitterand reveals the 'Farewell Dossier' to Ronald Reagan showing this Cold War antagonist had been stealing technological research and development belonging to the United States.
1981
USSR
81.1%
China
9%
Cuba
6.5%
Vietnam
2.2%
The Franco-Prussian War begins as France declares war on Prussia. The latter was led by this famous statesman who coined the phrase ‘balance of power.’
1870
Otto von Bismarck
80.5%
Peter the Great
8.7%
Klemens von Metternich
5.2%
Konrad Adenauer
4.9%
This 4-time winner of the Emmy for Outstanding Drama Series starring Jon Hamm debuts on AMC.
2007
Mad Men
79.2%
Breaking Bad
8.5%
The Sopranos
8%
Six Feet Under
3.1%
Training begins for African-American military pilots at this famed Alabama institution of higher eduction.
1941
Tuskegee Institute
78.9%
University of Alabama
7.4%
Howard University
5.8%
Auburn University
7.2%
Granting power to 5 Union generals overseeing the 5 districts of the South, the US Congress passes the 3rd Reconstruction Act over the veto of this President.
1867
Andrew Johnson
59.6%
Ulysses S. Grant
21.4%
Abraham Lincoln
14.6%
Rutherford B. Hayes
4%
Thirty people are killed and several hundred buildings destroyed in the last major fire to hit ______, the most densely populated borough of New York City.
1845
Manhattan
51%
Brooklyn
24.6%
Queens
8%
The Bronx
16.3%

You're not logged in!

Compare scores with friends on all Sporcle quizzes.
OR
Log In

Sporcle TV

Today on Sporcle TV


Watch our educational content, quiz creation guides, and fun videos on Sporcle TV.

Show Comments

Extras

Top Quizzes Today


Score Distribution

Your Account Isn't Verified!

In order to create a playlist on Sporcle, you need to verify the email address you used during registration. Go to your Sporcle Settings to finish the process.

Report this User

Report this user for behavior that violates our Community Guidelines.

Details: